Notes on homological algebras /
Guardado en:
| Autor Principal: | |
|---|---|
| Formato: | Libro |
| Idioma: | English |
| Publicado: |
New York :
Van Nostrand Reinhold,
[1970]
|
| Series: | Van Nostrand Reinhold mathematical studies ;
no. 26 |
| Materias: | |
| Etiquetas: |
Agregar Etiqueta
Sin Etiquetas, Sea el primero en etiquetar este registro!
|
| LEADER | 00662nam a2200205 a 4500 | ||
|---|---|---|---|
| 001 | MAT.inmabb005680 | ||
| 008 | 700716s1970####nyu######b####001#0#eng## | ||
| 005 | 20110829174347.0 | ||
| 245 | 1 | 0 | |a Notes on homological algebras / |c by Joseph J. Rotman. |
| 260 | |a New York : |b Van Nostrand Reinhold, |c [1970] | ||
| 300 | |a ix, 211 p. ; |c 21 cm. | ||
| 490 | 0 | |a Van Nostrand Reinhold mathematical studies ; |v no. 26 | |
| 504 | |a Bibliografía: p. 207. | ||
| 510 | 4 | |a MR, |c 53 #13342 | |
| 100 | 1 | |a Rotman, Joseph J., |d 1934- | |
| 650 | 0 | |a Algebra, Homological. | |
| 084 | |a 18-02 |2 msc2000 | ||
| 010 | |a 75013834 | ||
| 040 | |a DLC |c DLC |d DLC | ||
| 859 | |h 18 |i R848 |p A-3597 |b BIB. MATEMATICA | ||
